Loading...

Learning to read effectively and efficiently

Bibliographic Details
Main Authors: Ahuja, G C, Ahuja, Pramila
Format: Printed Book
Language:English
Published: New Delhi, Sterling Publishers
1991
Subjects:
LEADER 006670000a22002290004500
020 |a 812071170X 
041 |a eng 
082 |a 420.7 N1 
100 |a Ahuja, G C  |9 115711 
100 |a Ahuja, Pramila  |9 115712 
245 |a Learning to read effectively and efficiently 
260 |a New Delhi, Sterling Publishers 
260 |a 1991 
465 |a R 150 
650 |a Communicative skiils  |9 115713 
650 |a Comprehension  |9 115714 
650 |a English language  |9 115715 
650 |a Learning  |9 115716 
650 |a Reading skills  |9 115717 
942 |c BK 
999 |c 167226  |d 167222 
952 |0 0  |1 0  |4 0  |7 0  |9 165663  |a SPS  |b SPS  |d 2019-04-16  |l 0  |p SPS00110  |r 2019-04-16  |w 2019-04-16  |y BK